000 nam a22 7a 4500
999 _c9793
_d9793
008 180208b ||||| |||| 00| 0 eng d
100 _aJain, S
_95889
245 _aHealth care after 50
260 _aNew Delhi
_bFarsight Publication
_c2010